Valorant: All agents quiz - Statistics

General Stats
  • This quiz has been taken 61 times
  • The average score is 23 of 26
Answer Stats
Answer % Correct
Jett
98%
Kay/O
98%
Reyna
98%
Omen
96%
Sage
96%
Killjoy
94%
Raze
94%
Clove
92%
Neon
92%
Astra
90%
Breach
90%
Brimstone
90%
Phoenix
90%
Cypher
88%
Iso
88%
Sova
88%
Yoru
88%
Chamber
86%
Harbor
86%
Viper
86%
Gekko
84%
Deadlock
82%
Fade
82%
Skye
80%
Vyse
78%
Tejo
76%
No matching quizzes found
Score Distribution
Percent of People with Each Score
Percentile by Number Answered
Your Score History
You have not taken this quiz